Statistics for I'm a Celebrity... Get Me Out of Here! Contestants

Click here to take the quiz!

General Stats

  • This quiz has been taken 152 times
    (47 since last reset)
  • The average score is 78 of 221

Answer Stats

Celebrity % Correct
Roman Kemp
87%
Nadine Coyle
87%
Ian Wright
87%
Peter Andre
80%
James Haskell
80%
Caitlyn Jenner
80%
Harry Redknapp
80%
Adele Roberts
80%
Kate Garraway
77%
Mark Wright
73%
Amir Khan
73%
Sair Khan
73%
Emily Atack
73%
Jacqueline Jossa
70%
Ola Jordan
70%
Fleur East
70%
Myles Stephenson
67%
Lady Colin Campbell
67%
Jordan Banjo
67%
Joey Essex
67%
Cliff Parisi
67%
Scarlett Moffatt
67%
Georgia Toffolo
67%
Anne Hegerty
63%
John Barrowman
63%
Andrew Whyment
63%
Stacey Solomon
63%
Stanley Johnson
63%
Ashley Roberts
63%
Kerry Katona
63%
Tony Hadley
63%
Vicky Pattison
60%
Matthew Wright
60%
Katie Price
60%
Katie Price
60%
Rebekah Vardy
57%
Jimmy Bullard
57%
Iain Lee
57%
Chris Eubank
57%
Noel Edmonds
57%
Rita Simons
57%
Carl "Foggy" Fogarty
57%
Vanessa White
57%
Andrew Maxwell
53%
Nick Knowles
53%
Martin Roberts
53%
Steve Davis
53%
Antony Worrall Thompson
53%
Kim Woodburn
53%
Dougie Poynter
53%
Jennie McAlpine
53%
Dennis Wise
53%
Gemma Collins
50%
Carol Vorderman
50%
Ferne McCann
50%
Tony Blackburn
50%
James McVey
50%
Joe Swash
50%
Rebecca Adlington
50%
Amy Willerton
50%
Edwina Currie
50%
Jamie Lomas
47%
Jimmy White
47%
Larry Lamb
47%
Joel Dommett
47%
Craig Charles
47%
Phil Tufnell
47%
Malique Thompson-Dwyer
47%
Jack Maynard
43%
David Haye
43%
Gino D'Acampo
43%
Duncan Bannatyne
43%
Jorgie Porter
43%
Bobby Ball
43%
Spencer Matthews
43%
Charlie Brooks
43%
Tinchy Stryder
43%
Fatima Whitbread
43%
Vic Reeves
43%
Lucy Pargeter
43%
Jake Quickenden
43%
Kieron Dyer
43%
Wayne Bridge
40%
Antony Cotton
40%
Kian Egan
40%
Matt Willis
40%
Cerys Matthews
40%
Carol Thatcher
40%
Janet Street-Porter
40%
Alfonso Ribeiro
40%
Myleene Klass
40%
Sam Quek
40%
Linda Robson
40%
Kezia Dugdale
40%
Kayla Collins
37%
Shaun Ryder
37%
George Shelley
37%
Helen Flanagan
37%
David Emanuel
37%
Tommy Cannon
37%
Gillian McKeith
37%
Adam Thomas
37%
Joe Pasquale
37%
Jimmy Osmond
37%
Susannah Constantine
37%
Michael Buerk
33%
Hugo Taylor
33%
John Lydon
33%
Brian Friedman
33%
Rosemary Shrager
33%
Kendra Wilkinson
33%
Limahl
30%
Laila Morse
30%
Vincent Simone
30%
Paul Burrell
30%
Christopher Biggins
30%
Faith Brown
30%
Natalie Appleton
30%
Tara Palmer-Tomkinson
30%
Janet Dickinson
30%
Jason "J" Brown
30%
Nigel Benn
30%
Jason Donovan
30%
Uri Geller
30%
Alison Hammond
30%
David Dickinson
30%
Lembit Öpik
30%
Melanie Sykes
30%
Vicki Michelle
30%
Camilla Dallerup
30%
Yvette Fielding
30%
Lisa Snowdon
27%
Brian Harvey
27%
Timmy Mallett
27%
Justin Ryan
27%
Linda Barker
27%
Jessica-Jane Clement
27%
John Fashanu
27%
Wayne Sleep
27%
Shappi Khorsandi
27%
Martina Navratilova
27%
Nicola McLean
27%
Eric Bristow
27%
Katie Hopkins
27%
David Van Day
23%
David Gest
23%
Antony Costa
23%
Danny Baker
23%
Alex Best
23%
Gemma Atkinson
23%
George Takei
23%
Sinitta
23%
Willie Carson
23%
George Hamilton
23%
Simon Webbe
23%
Freddie Starr
23%
Colin McAllister
20%
Jennie Bond
20%
Linford Christie
20%
Rhona Cameron
20%
Chris Bisson
20%
Anna Ryder Richardson
20%
Emily Scott
20%
Crissy Rock
20%
Neil Ruddock
20%
Malandra Burrows
17%
Jenny Frost
17%
Nancy Sorrell
17%
Colin Baker
17%
Darren Day
17%
Dom Joly
17%
Pat Sharp
17%
Siân Lloyd
17%
Christine Hamilton
17%
Dean Gaffney
17%
Kimberley Davies
13%
Jilly Goolden
13%
Jenny Eclair
13%
Nadine Dorries
13%
Brian Conley
13%
Annabel Giles
13%
Lorraine Chase
13%
Nigel Havers
13%
Lucy Benjamin
13%
Aggro Santos
13%
Carly Zucker
13%
Sabrina Washington
10%
Stefanie Powers
10%
Samantha Fox
10%
Nadia Forde
10%
Stuart Manning
10%
Esther Rantzen
10%
Sheryl Gascoigne
7%
Rodney Marsh
7%
Toby Anstis
7%
Britt Ekland
7%
Fran Cosgrave
7%
Sheila Ferguson
7%
John Burton Race
7%
Nell McAndrew
7%
Robert Kilroy-Silk
7%
Marc Bannerman
7%
Joe Bugner
7%
Sophie Anderton
3%
Mike Read
3%
Danniella Westbrook
3%
Toyah Willcox
3%
Catalina Guirado
3%
Lord Brocket
3%
Jan Leeming
3%
Sheree Murphy
3%
Brian Paddick
3%
Scott Henshall
3%
Phina Oruche
3%
Elaine Lordan
3%
Dani Behr
3%
Sid Owen
3%
Lynne Franks
3%
Diane Modahl
0%
Antonio Fargas
0%
Lauren Booth
0%

Score Distribution

Percentile by Number Answered

Percent of People with Each Score

Your Score History

You have not taken this quiz since the last reset